000 00289nam a22001337a 4500
008 170612b xxu||||| |||| 00| 0 eng d
020 _a9780230617308
041 _aeng
080 _a32
100 _a19
101 _aSHP
245 _aOPERATION LAST CHANCE
_cZUROFF, E
942 _2udc
_cBK
999 _c16898
_d16898